Normal view
MARC view
- Sissons, Leslie G
Entry Personal Name
001 - CONTROL NUMBER
- control field: 38861
003 - CONTROL NUMBER IDENTIFIER
- control field: NUST
005 - DATE AND TIME OF LATEST TRANSACTION
- control field: 20210314131304.0
008 - FIXED-LENGTH DATA ELEMENTS
- fixed length control field: 210314|| aca||aabn | a|a d
040 ## - CATALOGING SOURCE
- Original cataloging agency: NUST
- Transcribing agency: NUST
100 ## - HEADING--PERSONAL NAME
- Personal name: Sissons, Leslie G
670 ## - SOURCE DATA FOUND
- Source citation: Work cat.: (NUST): Sissons, Leslie G, Cost estimating for defence contracts., 1986.
